000 01378nam a2200313 c 4500
003 BLK
005 20180422095239.0
008 180413b bul|||||r ||||||| ||bul||
010 _aKNG00023561000
020 _a954-657-177-6
_bиздат.: Пан
040 _aBLK
041 _aBUL
_cBUL
080 _aАмериканска литература (на САЩ)
_b821.111(73)
_x-93-32
_z821.111(73)-93-32
100 1 _aБаум, Лиман Франк
_eпърви автор
_9258875
700 1 _aБожилова, Жени Панайотова
_eпрев. от англ.
_9363346
139 _aБаум, Лиман Франк
_bБ 29
245 1 0 _aСтраната на Оз
_bНовите приключения на Плашилото и Тенекиения дървар : Приказна повест
_cЛиман Франк Баум; прев. от англ. Жени Панайотова Божилова.
257 _aUSA
260 София
_bПан
_c1998
_fСофия : Балкан прес
300 _a174 с.
_bс ил.
_c20 см
380 _aDX
490 1 _aВечните детски романи
_v43
500 _aКн. е продълж. на Вълшебникът от Оз от същия авт.
852 _aЦб 197245
856 4 _qpdf
_u
856 4 _qpdf
_u
942 _cKNG
_n0
944 _aCR
_c15.01.2003
_kМилена_Ачева
944 _aED
_c18.02.2012
_k
999 _c21284
_d21284